Motely a campingy

Bibliographic Details
Main Author: Talaš, Stanislav, 1932-2004 (Author)
Format: Article
Language:Slovak

MARC

LEADER 00000nab a2200000ua 4500
001 vtls010750476
003 SK-MaSNL
005 20260304202705.0
008 250718s1964 xo |||||||||||||||||slo|
035 |a (urnnbn)urn:nbn:sk:snk:ar-a00q3s 
035 |a (uuid)0d431dc7-e384-409c-8fb0-aee267c2a42d 
035 |a urn:nbn:sk:snk-ab51rn 
040 |a SNKBUCL  |b slo  |c SNKBUCL  |e AACR2 
041 0 |a slo 
044 |a xo  |c SK 
100 1 |a Talaš, Stanislav,  |d 1932-2004  |4 aut  |9 204114 
245 1 0 |a Motely a campingy  |c Stanislav Talaš 
773 0 |t Projekt  |g Roč. 6, č. 2 (1964), s. 32-34 
850 |a Slovenská národná knižnica 
852 |a Slovenská národná knižnica 
954 |a odborná, vedecká literatúra pôvodná (slovenská)  |2 lita 
958 |a article3 
958 |a OND 
958 |a EUIPO 
999 |c 3104821  |d 3106751